[Event "AUTO-ADV-4875"]
[Site "http://www.queenalice.com/game.php?id=1859800"]
[Date "2025.7.11"]
[Round "1"]
[White "jpribeiro"]
[Black "Ditto"]
[Result "1-0"]
[WhiteElo "1568"]
[BlackElo "1811"]

1. e4 e5 2. Nf3 Nc6 3. c3 Bc5 4. d4 exd4 5. cxd4 Bb6 6. d5 Nb8 7. Nc3 d6 8. Na4
Nd7 9. Nxb6 Nxb6 10. Qd4 Nf6 11. Bg5 Bg4 12. Bb5+ Bd7 13. Bxd7+ Nbxd7 14. O-O-O
h6 15. Bd2 Nc5 16. e5 Nfe4 17. Rhe1 O-O 18. Rxe4 Re8 19. Rg4 Nd7 20. Bxh6 g6 21.
e6 Ne5 22. Nxe5 dxe5 23. Qxe5 f6 24. Rxg6+ Kh7 25. Rxf6 Rg8 26. Qf5+ Kh8 27. Rf7
1-0

[Event "AUTO-ADV-4875"]
[Site "http://www.queenalice.com/game.php?id=1859801"]
[Date "2025.7.11"]
[Round "1"]
[White "Ditto"]
[Black "jpribeiro"]
[Result "1-0"]
[WhiteElo "1805"]
[BlackElo "1624"]

1. e4 c5 2. Bc4 Nc6 3. d3 e6 4. c3 d5 5. exd5 exd5 6. Bb5 Bd7 7. h3 a6 8. Ba4 b5
9. Bc2 h6 10. Bf4 g5 11. Be3 d4 12. cxd4 cxd4 13. Bd2 Qe7+ 14. Ne2 Bg7 15. O-O
Nf6 16. Bb3 O-O 17. Ng3 Rfe8 18. Bc1 Na5 19. Bc2 1-0

[Event "AUTO-ADV-4875"]
[Site "http://www.queenalice.com/game.php?id=1859814"]
[Date "2025.7.11"]
[Round "1"]
[White "Connor"]
[Black "Ditto"]
[Result "1-0"]
[WhiteElo "1862"]
[BlackElo "1785"]

1. d4 d5 2. e3 Nc6 3. c4 e5 4. dxe5 Nxe5 5. Qxd5 Qxd5 6. cxd5 Bb4+ 7. Bd2 Bd6 8.
Be2 a6 9. Nf3 Nf6 10. Nc3 O-O 11. O-O Neg4 12. g3 Re8 13. a3 Bd7 14. b4 Rab8 15.
Bd3 Ne5 16. Nxe5 Rxe5 17. f4 Ree8 18. e4 c6 19. dxc6 Bxc6 20. e5 Bxe5 21. fxe5
Rxe5 22. Bf4 Ree8 23. Bxb8 Re3 24. Rfd1 h6 25. b5 axb5 26. Nxb5 Ng4 27. Bf4 Rf3
28. Be2 Rb3 29. Bxg4 Rxb5 30. Be2 Rb2 31. Bc4 Rg2+ 32. Kf1 Rxh2 33. a4 Rc2 34.
Rd8+ Kh7 35. Bd3+ g6 36. Bxc2 f5 37. Re1 Kg7 38. a5 Bb5+ 39. Bd3 1-0

[Event "AUTO-ADV-4875"]
[Site "http://www.queenalice.com/game.php?id=1859815"]
[Date "2025.7.11"]
[Round "1"]
[White "Ditto"]
[Black "Connor"]
[Result "1-0"]
[WhiteElo "1768"]
[BlackElo "1830"]

1. e4 e5 2. Nf3 d6 3. Bc4 Bg4 4. d3 Nf6 5. Bg5 Be7 6. h3 Bxf3 7. Qxf3 a6 8. Nc3
Nc6 9. O-O Nd4 10. Qd1 b5 11. Bb3 Nxb3 12. axb3 Nd7 13. Be3 O-O 14. Qf3 Bg5 15.
Nd5 Bxe3 16. Nxe3 Nf6 17. Nf5 g6 18. Ne3 Nh5 19. Ng4 Qg5 20. Rad1 f5 21. exf5
Kg7 22. Qc6 Qxf5 23. Qxc7+ Qf7 24. Qxd6 1-0

[Event "AUTO-ADV-4876"]
[Site "http://www.queenalice.com/game.php?id=1860011"]
[Date "2025.7.17"]
[Round "1"]
[White "jpribeiro"]
[Black "Ditto"]
[Result "1-0"]
[WhiteElo "1597"]
[BlackElo "1836"]

1. e4 e5 2. Nf3 Nc6 3. c3 Bc5 4. d4 exd4 5. cxd4 Bb6 6. d5 Nb8 7. Nc3 d6 8. h3
Qf6 9. Bg5 Qg6 10. Bd3 f6 11. e5 Qh5 12. exf6 gxf6 13. Qe2+ Kf7 14. Bf4 Kf8 15.
O-O-O Ne7 16. Rhe1 Qe8 17. Bh6+ Kf7 18. Nh4 Bd4 19. Qh5+ Ng6 20. Bxg6+ hxg6 21.
Qxg6# 1-0

[Event "AUTO-ADV-4876"]
[Site "http://www.queenalice.com/game.php?id=1860025"]
[Date "2025.7.17"]
[Round "1"]
[White "Ditto"]
[Black "marcoswerneck"]
[Result "1-0"]
[WhiteElo "1789"]
[BlackElo "1941"]

1. e4 e5 2. Nf3 d6 3. Bc4 h6 4. d3 a6 5. h3 Nf6 6. c3 Qe7 7. O-O Be6 8. Nbd2
Bxc4 9. Nxc4 Nc6 10. Qb3 b5 11. Ne3 Qd7 12. Nf5 Be7 13. Nxg7+ Kd8 14. Qxf7 Kc8
15. Qb3 Kb7 16. Be3 Rhg8 17. Bxh6 Rh8 18. Be3 Rag8 19. Nf5 Rxh3 20. a4 Rxf3 21.
axb5 Nd4 22. bxa6+ Kc8 23. Qb7+ Kd8 24. a7 Ne2+ 25. Kh1 Rh8+ 26. Bh6 1-0

[Event "AUTO-ADV-4876"]
[Site "http://www.queenalice.com/game.php?id=1860028"]
[Date "2025.7.17"]
[Round "1"]
[White "Jsc"]
[Black "Ditto"]
[Result "0-1"]
[WhiteElo "1674"]
[BlackElo "1784"]

1. e4 e5 2. Nf3 Nc6 3. d4 exd4 4. Nxd4 Ne5 5. Be3 Bc5 6. c3 a6 7. Nc6 Nxc6 8.
Bxc5 d6 9. Be3 Be6 10. Be2 Nf6 11. f3 Ne5 12. O-O h6 0-1

[Event "AUTO-ADV-4860"]
[Site "http://www.queenalice.com/game.php?id=1860047"]
[Date "2025.7.18"]
[Round "2"]
[White "IranSilva"]
[Black "Ditto"]
[Result "1-0"]
[WhiteElo "2273"]
[BlackElo "1723"]

1. Nf3 Nc6 2. d4 d5 3. c4 Bf5 4. Nc3 dxc4 5. e4 Bg4 6. Be3 e6 7. Bxc4 Bb4 8. Be2
h6 9. O-O Qf6 10. e5 Qe7 11. Qb3 a6 12. a3 Ba5 13. Qxb7 Rd8 14. Qxc6+ Rd7 15.
Ne4 Bb6 16. Bxa6 Qd8 17. Bb5 Ne7 18. Qxd7+ Qxd7 19. Bxd7+ Kxd7 20. Nfd2 Nf5 21.
Nc4 Bxd4 22. Bxd4 Nxd4 23. f3 Bf5 24. Ng3 Bg6 25. Rfd1 c5 26. Ne2 Ke7 27. Nxd4
cxd4 28. Rxd4 Rc8 29. Rad1 Bc2 30. R1d2 Bb3 31. Nb6 Rc1+ 32. Kf2 f6 33. Rd7+ Kf8
34. Ra7 Bd5 35. Nxd5 exd5 36. exf6 gxf6 37. Rd7 Ke8 38. R7xd5 Kf7 39. b4 Ra1 40.
R5d3 Kg6 41. Rb2 h5 42. b5 1-0

[Event "AUTO-ADV-4860"]
[Site "http://www.queenalice.com/game.php?id=1860053"]
[Date "2025.7.18"]
[Round "2"]
[White "Ditto"]
[Black "oniwa"]
[Result "0-1"]
[WhiteElo "1727"]
[BlackElo "1909"]

1. e4 e5 2. Nf3 Nc6 3. Bc4 Bc5 4. d3 Nf6 5. Bg5 O-O 6. c3 h6 7. Bd2 d5 8. exd5
Nxd5 9. O-O a6 10. Re1 Bg4 11. Qe2 b5 12. Bb3 Nce7 13. Bc1 Ng6 14. Qe4 Bxf3 15.
Qxf3 c6 16. Bc2 Qf6 17. Qe4 Qxf2+ 18. Kh1 Qxc2 19. Nd2 f5 20. Qe2 Ndf4 21. Qf1
Nxd3 22. Rd1 Nxb2 23. Bxb2 Qxb2 24. Qf3 e4 25. Qg3 Kh7 26. Qc7 Rfc8 27. Qg3 a5
28. Qe1 Nf4 29. Qg3 Ne2 30. Qe5 Nxc3 31. Qxf5+ Kg8 32. Nb3 Nxd1 33. Rxd1 Qc2 34.
Rf1 Rf8 35. Qe6+ Kh8 36. Rc1 Qxc1+ 37. Nxc1 Rf1# 0-1

[Event "AUTO-ADV-4881"]
[Site "http://www.queenalice.com/game.php?id=1860825"]
[Date "2025.7.30"]
[Round "1"]
[White "game"]
[Black "Ditto"]
[Result "0-1"]
[WhiteElo "1461"]
[BlackElo "1721"]

1. e4 e5 2. Nf3 Nc6 3. Bb5 Bc5 4. O-O d6 5. Nc3 Bd7 6. d3 Qf6 7. Nd5 Qd8 8. Ng5
Nd4 9. a4 Bxb5 10. axb5 Nxb5 11. Bd2 c6 12. Qf3 Qd7 13. Nc3 Nd4 14. Qg3 O-O-O
15. Rac1 Bb4 16. Nf3 Bxc3 17. Nxd4 Bxd4 18. Qxg7 Ne7 19. Qxf7 Rdf8 20. Qh5 Ng6
21. c3 Bb6 22. Bh6 Rfg8 23. Rcd1 Bd8 24. f4 exf4 25. d4 Qe6 26. Bxf4 Qxe4 27.
Bxd6 Nh4 28. Rf2 Nxg2 29. Qh3+ Rg4 30. Bg3 Ne3 31. Rf4 Qc2 32. Re1 Qd2 33. Rxg4
Nxg4 34. Rf1 h5 35. Qg2 Qe3+ 36. Kh1 Qg5 37. h4 Qe3 38. Bf2 Nxf2+ 39. Rxf2 Bxh4
40. Kg1 Bxf2+ 41. Kh1 h4 42. Qg4+ Kd8 43. Qg7 Qh3# 0-1

[Event "AUTO-ADV-4881"]
[Site "http://www.queenalice.com/game.php?id=1860826"]
[Date "2025.7.30"]
[Round "1"]
[White "Ditto"]
[Black "game"]
[Result "0-1"]
[WhiteElo "1745"]
[BlackElo "1606"]

1. e4 e5 2. Nf3 d6 3. Bc4 Bg4 4. d3 Be6 5. Bxe6 fxe6 6. c3 Qf6 7. Bg5 Qg6 8.
Qa4+ Nc6 9. Nbd2 Nf6 10. Qb3 Be7 11. O-O-O Ng4 12. Bxe7 Na5 13. Qb5+ Kxe7 14.
Rdf1 b6 15. h3 a6 16. Qa4 Nf6 17. g4 h5 18. g5 Nd7 19. Qd1 Nc5 20. Qc2 d5 21.
Nxe5 Qxg5 22. Nf3 Qh6 23. b4 dxe4 24. dxe4 Rad8 25. bxc5 Nc4 26. Kb1 Na3+ 27.
Kc1 Nxc2 28. Kxc2 bxc5 29. Rb1 Qg6 30. Rhg1 Qf6 31. Rb7 Rd7 32. a4 Rhd8 33. e5
Qf5+ 34. Kc1 Qf4 35. Rxg7+ Kf8 36. Rg5 Rxd2 37. Rg3 Rxf2+ 38. Kb1 Rd1# 0-1

[Event "AUTO-ADV-4881"]
[Site "http://www.queenalice.com/game.php?id=1860840"]
[Date "2025.7.30"]
[Round "1"]
[White "Ditto"]
[Black "Zero007"]
[Result "0-1"]
[WhiteElo "1812"]
[BlackElo "2028"]

1. e4 e5 2. Nf3 Nf6 3. Nc3 Nc6 4. Bc4 Bc5 5. d3 h6 6. a3 a6 7. Nd5 d6 8. c3 Nxd5
9. Bxd5 Ne7 10. Ba2 O-O 11. h3 Be6 12. O-O Bxa2 13. Rxa2 Nc6 14. b4 Ba7 15. Nh2
f5 16. exf5 Rxf5 17. Qg4 Qf6 18. Qe2 Qf7 19. Ng4 h5 20. Nh2 Rf8 21. Qe1 Qxa2 22.
Nf3 Rxf3 23. gxf3 Rxf3 24. Kg2 Qd5 25. Kh2 Qe6 26. Rh1 Rxh3+ 27. Kg2 Qg4+ 28.
Kf1 Rxh1# 0-1

[Event "AUTO-ADV-4881"]
[Site "http://www.queenalice.com/game.php?id=1860849"]
[Date "2025.7.30"]
[Round "1"]
[White "Ditto"]
[Black "bdpq"]
[Result "1-0"]
[WhiteElo "1727"]
[BlackElo "1635"]

1. e4 d5 2. exd5 Qxd5 3. d4 Nc6 4. Nf3 Bg4 5. Be2 O-O-O 6. Be3 e6 7. Nbd2 Bb4 8.
O-O Nf6 9. c3 Ba5 10. b4 Bb6 11. a4 Rde8 12. a5 Bxa5 13. bxa5 e5 14. c4 Qd7 15.
d5 Nxd5 16. cxd5 Qxd5 17. Bc4 Qd6 18. Bxf7 Ref8 19. Bc4 Rf6 20. Qb3 Kd7 21. Ne4
Qb4 22. Qd3+ Nd4 23. Nxd4 Kc8 24. Nc2 Qe7 25. Nxf6 gxf6 26. Bxa7 Rd8 27. Qe4 h5
28. Ne3 Bd7 29. a6 Bc6 30. Qf5+ Bd7 31. axb7+ Kxb7 32. Qe4+ Bc6 33. Rfb1+ Kc8
34. Qxc6 Rd6 35. Rb8# 1-0

[Event "AUTO-ADV-4881"]
[Site "http://www.queenalice.com/game.php?id=1860850"]
[Date "2025.7.30"]
[Round "1"]
[White "bdpq"]
[Black "Ditto"]
[Result "1-0"]
[WhiteElo "1651"]
[BlackElo "1805"]

1. e4 e5 2. d4 exd4 3. Qxd4 Nc6 4. Qd1 Bc5 5. Nf3 d6 6. Bb5 Bg4 7. h3 Bh5 8. Nc3
Ne7 9. O-O a6 10. Bxc6+ Nxc6 11. Bg5 f6 12. Bf4 Qe7 13. Re1 O-O-O 14. Nd5 Qf7
15. Be3 Bxe3 16. Rxe3 Ne5 17. b3 Rde8 18. Qd4 Nxf3+ 19. gxf3 Qd7 20. Qa7 Kd8 21.
f4 Qb5 22. Qb8+ Kd7 23. Qxc7+ Ke6 24. Rg3 Qc5 25. Qxg7 Ref8 26. Qe7# 1-0

[Event "AUTO-ADV-4894"]
[Site "http://www.queenalice.com/game.php?id=1863399"]
[Date "2025.9.25"]
[Round "1"]
[White "Ditto"]
[Black "dosoldini"]
[Result "1-0"]
[WhiteElo "1716"]
[BlackElo "1596"]

1. e4 e5 2. Nf3 Bc5 3. Bc4 Nh6 4. d3 f6 5. Bxh6 gxh6 6. c3 d6 7. Qb3 Nc6 8. Bf7+
Kf8 9. Bh5 Qe7 10. h3 Nd8 11. Nbd2 Ne6 12. Bg4 Nf4 13. g3 Nxd3+ 14. Ke2 Bxg4 15.
hxg4 Nxf2 16. Rxh6 Qg7 17. Rh4 Nxg4 18. Qd5 c6 19. Qe6 Re8 20. Qxg4 Qxg4 21.
Rxg4 1-0

[Event "AUTO-ADV-4895"]
[Site "http://www.queenalice.com/game.php?id=1863550"]
[Date "2025.9.29"]
[Round "1"]
[White "Ditto"]
[Black "Rafale2000"]
[Result "0-1"]
[WhiteElo "1709"]
[BlackElo "1960"]

1. e4 Nf6 2. e5 Nd5 3. d4 d6 4. Nf3 Bg4 5. Bg5 f6 6. exf6 exf6 7. Bh4 Qe7+ 8.
Be2 Nf4 9. Bg3 g5 10. Nbd2 Nxg2+ 11. Kf1 Bh3 12. Kg1 Nf4 13. Bxf4 gxf4 14. Bb5+
c6 15. Ba4 Rg8+ 16. Ng5 Rxg5+ 0-1